Southville International School and Colleges
Your cart is empty.
  • Cart
  • Lists
    Public lists Eva Luna New books Lux_list list_1
    Your lists Log in to create your own lists
  • Log in to your account
  • Your cookies
  • Search history
Southville International School and Colleges
  • Advanced search
  • Recent comments
  • Most popular
  • Libraries

Log in to your account

Log in with GOOGLE


If you do not have an external account, but do have a local account, you can still log in:

  1. Home
  2. MARC view: International hotel management/
Normal view MARC view ISBD view

International hotel management/ (Record no. 363831)

[ view plain ]
MARC details
000 -LEADER
fixed length control field 00465nam a2200169Ia 4500
003 - CONTROL NUMBER IDENTIFIER
control field SISFU
005 - DATE AND TIME OF LATEST TRANSACTION
control field 20260212165917.0
008 - FIXED-LENGTH DATA ELEMENTS--GENERAL INFORMATION
fixed length control field 200626s9999 xx 000 0 und d
020 ## - INTERNATIONAL STANDARD BOOK NUMBER
International Standard Book Number 0-86612-081-5
050 ## - LIBRARY OF CONGRESS CALL NUMBER
Classification number TX 911.3.M27
Item number .G297 1994
100 ## - MAIN ENTRY--PERSONAL NAME
Personal name Gee, Chuck Y.
245 ## - TITLE STATEMENT
Statement of responsibility, etc Chuch Y. Gee.--
Title International hotel management/
260 ## - PUBLICATION, DISTRIBUTION, ETC. (IMPRINT)
Place of publication, distribution, etc Michigan:
Name of publisher, distributor, etc Educational Institute
Date of publication, distribution, etc 1994
300 ## - PHYSICAL DESCRIPTION
Extent xxii, 514 pages
500 ## - GENERAL NOTE
General note Includes Index
942 ## - ADDED ENTRY ELEMENTS (KOHA)
Source of classification or shelving scheme Library of Congress Classification
Koha item type Books
Holdings
Withdrawn status Lost status Source of classification or shelving scheme Damaged status Home library Current library Shelving location Date acquired Source of acquisition Total Checkouts Full call number Barcode Date last seen Price effective from Koha item type
    Library of Congress Classification   Southville International School Affiliated with Foreign Universities Library Southville International School Affiliated with Foreign Universities Library Southville Foreign University Section 06/27/2020 Donation   TX 911.3.M27 .G297 1994 SFU0990 06/27/2020 06/27/2020 Books

International hotel management/

APA

Gee C. Y., . (1994). International hotel management. Michigan: Educational Institute.

Chicago

Gee Chuck Y, . 1994. International hotel management. Michigan: Educational Institute.

Harvard

Gee C. Y., . (1994). International hotel management. Michigan: Educational Institute.

MLA

Gee Chuck Y, . International hotel management. Michigan: Educational Institute. 1994.

  • Place hold
  • Print
  • Cite
  • Add to your cart (remove)
  • Save record
    BIBTEX Dublin Core MARCXML MARC (non-Unicode/MARC-8) MARC (Unicode/UTF-8) MARC (Unicode/UTF-8, Standard) MODS (XML) RIS
  • More searches
    Search for this title in:
    Other Libraries (WorldCat) Other Databases (Google Scholar) Online Stores (Bookfinder.com) Open Library (openlibrary.org)

Exporting to Dublin Core...

SOUTHVILLE LIBRARY

Southville International School and Colleges Library

1281 Tropical Ave. Cor. Luxembourg St., BF Homes International, Las Pinas City

Tel. No. 8256374 / 252358 Loc. 117/146

Powered by Koha